LIBRARY & INFORMATION CENTRE, KCAET, TAVANUR

ONLINE PUBLIC ACCESS CATALOGUE (OPAC)

Five shakespearean comedies / (Record no. 5223)

MARC details
000 -LEADER
fixed length control field 00467cam a2200169ua 4500
041 ## - LANGUAGE CODE
Language code of text/sound track or separate title eng
082 ## - DEWEY DECIMAL CLASSIFICATION NUMBER
Classification number 822
Item number BOA/FR
100 ## - MAIN ENTRY--AUTHOR NAME
Personal name Boas, Frederick S .
245 ## - TITLE STATEMENT
Title Five shakespearean comedies /
260 ## - PUBLICATION, DISTRIBUTION, ETC. (IMPRINT)
Place of publication London :
Name of publisher Oxford University Press ,
Year of publication 1961.
300 ## - PHYSICAL DESCRIPTION
Number of Pages 343 ; .
490 0# - SERIES STATEMENT
Series statement The World`s Classics,
Volume number/sequential designation 418
942 ## - ADDED ENTRY ELEMENTS (KOHA)
Koha item type Books
Holdings
Withdrawn status Lost status Damaged status Home library Current library Date acquired Cost, normal purchase price Full call number Accession Number Koha item type Public note
Withdrawn     KAUAET Sanskrit University 07/04/2012 8.60 822 6626 Books Transferred to Sanskrit University
free website counter